| 000 -LEADER |
| fixed length control field |
01619 a2200289 4500 |
| 003 - CONTROL NUMBER IDENTIFIER |
| control field |
Nust |
| 005 - DATE AND TIME OF LATEST TRANSACTION |
| control field |
20221007164231.0 |
| 010 ## - LIBRARY OF CONGRESS CONTROL NUMBER |
| LC control number |
99047335 |
| 020 ## - INTERNATIONAL STANDARD BOOK NUMBER |
| International Standard Book Number |
0780353536 |
| 040 ## - CATALOGING SOURCE |
| Transcribing agency |
Nust |
| 082 00 - DEWEY DECIMAL CLASSIFICATION NUMBER |
| Classification number |
658.0546,CHE |
| 100 1# - MAIN ENTRY--PERSONAL NAME |
| Personal name |
Chen, Graham, |
| 9 (RLIN) |
99512 |
| 245 10 - TITLE STATEMENT |
| Title |
Integrated telecommunications management solutions / |
| Statement of responsibility, etc. |
Graham Chen, Qinzheng Kong. |
| 260 ## - PUBLICATION, DISTRIBUTION, ETC. |
| Place of publication, distribution, etc. |
New York : |
| Name of publisher, distributor, etc. |
IEEE Press, |
| Date of publication, distribution, etc. |
c 2000. |
| 300 ## - PHYSICAL DESCRIPTION |
| Extent |
xvii, 261 p. : |
| Other physical details |
ill. ; |
| Dimensions |
26 cm. |
| 490 1# - SERIES STATEMENT |
| Series statement |
IEEE Press series on network management |
| 505 ## - FORMATTED CONTENTS NOTE |
| Formatted contents note |
Challenge of Integrated Business Management Solutions. (Page-1), TMN Overview. (Page-9), OSI for TMN Network Management. (Page-27), Telco Business Process Reengineering. (Page-47), Migrating to Distributed Systems. (Page-63), Building CORBA-Based TMN Applications. (Page-87), Integration Requirements. (Page-109), Integration Approaches. (Page-121), Generic Object Model. (Page-147), Integrated Management Architecture. (Page-175), Building Integrated Management Solutions. (Page-205), Conclusions. (Page-239). |
| 650 #0 - SUBJECT ADDED ENTRY--TOPICAL TERM |
| Topical term or geographic name entry element |
Business enterprises |
| General subdivision |
Computer networks. |
| 9 (RLIN) |
99504 |
| 650 #0 - SUBJECT ADDED ENTRY--TOPICAL TERM |
| Topical term or geographic name entry element |
Telecommunication Engineering |
| 650 #0 - SUBJECT ADDED ENTRY--TOPICAL TERM |
| Topical term or geographic name entry element |
Telecommunication systems |
| General subdivision |
Management. |
| 9 (RLIN) |
95665 |
| 700 1# - ADDED ENTRY--PERSONAL NAME |
| Personal name |
Kong, Qinzheng, |
| Dates associated with a name |
1957- |
| 9 (RLIN) |
99513 |
| 810 2# - SERIES ADDED ENTRY--CORPORATE NAME |
| Corporate name or jurisdiction name as entry element |
IEEE series on network management. |
| 9 (RLIN) |
99514 |
| 856 42 - ELECTRONIC LOCATION AND ACCESS |
| Materials specified |
Contributor biographical information |
| Uniform Resource Identifier |
<a href="http://www.loc.gov/catdir/bios/wiley043/99047335.html">http://www.loc.gov/catdir/bios/wiley043/99047335.html</a> |
| 856 42 - ELECTRONIC LOCATION AND ACCESS |
| Materials specified |
Publisher description |
| Uniform Resource Identifier |
<a href="http://www.loc.gov/catdir/description/wiley036/99047335.html">http://www.loc.gov/catdir/description/wiley036/99047335.html</a> |
| 856 42 - ELECTRONIC LOCATION AND ACCESS |
| Materials specified |
Table of Contents |
| Uniform Resource Identifier |
<a href="http://www.loc.gov/catdir/toc/onix07/99047335.html">http://www.loc.gov/catdir/toc/onix07/99047335.html</a> |
| 942 ## - ADDED ENTRY ELEMENTS (KOHA) |
| Koha item type |
Reference |
| Source of classification or shelving scheme |
|